| 000 | 00467nam a2200181Ia 4500 | ||
|---|---|---|---|
| 008 | 230524s9999 xx 000 0 und d | ||
| 020 | _a9789380578231 | ||
| 082 | _bNAG | ||
| 100 |
_aS.Nagabhushana _943001 |
||
| 245 | 0 | _aLasers and Optical Instrumentation | |
| 250 | _a1 | ||
| 260 |
_aNew Delhi _bI.K.International _c2013 |
||
| 300 | _a"IX,331p;" | ||
| 500 | _aQuantity Number: 1 | ||
| 650 | _aElectronics | ||
| 700 |
_aN.Sathyanarayana _943002 |
||
| 942 | _cBK | ||
| 999 |
_c57949 _d57949 |
||